Instrucción sobre la estabilidad de las construcciones / (Record no. 159615)

MARC details
000 -LEADER
campo de control de longitud fija 01116nam a2200277 i 4500
001 - NÚMERO DE CONTROL
campo de control 159615
003 - IDENTIFICADOR DE NÚMERO DE CONTROL
campo de control ES-MaACL
005 - FECHA Y HORA DE LA ÚLTIMA TRANSACCIÓN
campo de control 20250902221214.0
008 - DATOS DE LONGITUD FIJA--INFORMACIÓN GENERAL
campo de control de longitud fija 990415s1860 sp af |||| | spa d
040 ## - FUENTE DE CATALOGACIÓN
Centro catalogador/agencia de origen CCPB | B
Lengua de catalogación spa
Centro/agencia transcriptor CCPB | B
080 ## - NÚMERO DE LA CLASIFICACIÓN DECIMAL UNIVERSAL
Número de la Clasificación Decimal Universal 620.17
080 ## - NÚMERO DE LA CLASIFICACIÓN DECIMAL UNIVERSAL
Número de la Clasificación Decimal Universal 624.042
100 1# - ENTRADA PRINCIPAL--NOMBRE DE PERSONA
Nombre de persona Michon, Félix.
9 (RLIN) 129899
245 10 - MENCIÓN DEL TÍTULO
Título Instrucción sobre la estabilidad de las construcciones /
Mención de responsabilidad, etc. escrita en francés por Michon ; traducida al castellano y aumentada con notas por Eduardo Saavedra.
260 ## - PUBLICACIÓN, DISTRIBUCIÓN, ETC.
Lugar de publicación, distribución, etc. Madrid :
Nombre del editor, distribuidor, etc. Imprenta Nacional,
Fecha de publicación, distribución, etc. 1860.
300 ## - DESCRIPCIÓN FÍSICA
Extensión 2 v. ([7], 198, [1] p. ; 17 h. de lám.) ;
Dimensiones 23 cm.
510 4# - NOTA DE CITAS O REFERENCIAS BIBLIOGRÁFICAS
Nombre de la fuente Palau,
Localización dentro de la fuente 168374
596 ## - NOTA AL PIE DE IMPRENTA
NOTA AL PIE DE IMPRENTA Marca tip. en port.
597 ## - NOTA DE DESCRIPCIÓN FÍSICA
NOTA DE DESCRIPCIÓN FÍSICA Antep.
599 ## - NOTA A LAS ILUSTRACIONES
NOTA A LAS ILUSTRACIONES Las h. de lám. lit.: "Lit. de J. Donon, Madrid" y "Lit. de la Corte, Fuencarral, 6"
650 #4 - PUNTO DE ACCESO ADICIONAL DE MATERIA--TÉRMINO DE MATERIA
Término de materia o nombre geográfico como elemento de entrada Resistencia de materiales.
9 (RLIN) 136826
650 #4 - PUNTO DE ACCESO ADICIONAL DE MATERIA--TÉRMINO DE MATERIA
Término de materia o nombre geográfico como elemento de entrada Estructuras (Construcción)-
Subdivisión general Cálculo
9 (RLIN) 12570
700 1# - ENTRADA AGREGADA--NOMBRE PERSONAL
Nombre de persona Saavedra, Eduardo,
Fechas asociadas al nombre 1829-1912
9 (RLIN) 101132
852 ## - LOCALIZACIÓN
Ubicación ES-MaACL
Número de control de estantería T-183-F-2
Nota libre - Enc. hol.
condición física - Falto de la cub. original
Nota libre - Enc. en un vol. facticio
Holdings
Estatus retirado Estado de pérdida Estado de daño No para préstamo Colección Biblioteca de origen Biblioteca actual Ubicación en estantería Fecha de adquisición Total de préstamos Signatura topográfica completa Código de barras Visto por última vez Precio de reemplazo Tipo de ítem Koha
        Colección de folletos Biblioteca del Ateneo de Madrid Biblioteca del Ateneo de Madrid Depósito folletos 17/01/2008   T-183-F-2 1167095 23/02/2023 23/02/2023 Folleto